[Event "Guwahati op 3rd"]
[Site "Guwahati"]
[Date "2019.10.09"]
[Round "4"]
[White "Imtiaz, Islam Bora"]
[Black "Dhulipalla, Bala Chandra Prasad"]
[Result "0-1"]
[WhiteElo "2018"]
[BlackElo "2415"]
[PlyCount "111"]
[EventDate "2019.10.07"]
[EventType "swiss"]
[EventRounds "10"]
[EventCountry "IND"]
[SourceTitle "CBM 192 Extra"]
[Source "Chessbase"]
[SourceDate "2019.11.06"]
[SourceVersion "1"]
[SourceVersionDate "2019.11.06"]
[SourceQuality "1"]

1. c4 e5 2. d3 g6 3. Nf3 Bg7 4. Nc3 d6 5. g3 f5 6. Bg2 Nc6 7. 0-0 Nf6 8. Rb1 0-0 9. b4 h6 10. b5 Ne7 11. a4 Nh5 12. Qb3 Be6 13. a5 Qd7 14. Ne1 Rab8 15. f4 c6 16. Be3 cxb5 17. Nxb5 a6 18. Nc3 Nc6 19. Qa3 Rfe8 20. Nc2 Nf6 21. Nd5 Kh7 22. Bb6 Bg8 23. e3 Rbc8 24. Ncb4 Ne7 25. Nxf6+ Bxf6 26. Qb3 e4 27. Rbc1 d5 28. cxd5 Nxd5 29. Nxd5 Bxd5 30. Qb1 Qe6 31. dxe4 fxe4 32. Rfd1 Bb3 33. Rxc8 Rxc8 34. Rd2 Bc3 35. Rf2 Bd5 36. h3 Rc4 37. Kh2 Bg7 38. Rd2 Ra4 39. Qd1 Ra1 40. Qg4 Qf7 41. Rc2 Bc6 42. Qc8 Qd5 43. Qd8 Qb3 44. Qd2 Qe6 45. g4 g5 46. Bd4 Bxd4 47. exd4 Qd6 48. Rc5 gxf4 49. Re5 e3 50. Qd3+ Kg7 51. Qf5 Qf6 52. d5 Qxf5 53. gxf5 Bb5 54. Bf3 Ra2+ 55. Kg1 Ra1+ 56. Kh2 0-1